| 000 | 00460 a2200169 4500 | ||
|---|---|---|---|
| 001 | 93025 | ||
| 022 | _a978-0-615-70934-5 | ||
| 082 | _a658.5/ANN | ||
| 090 |
_c44660 _d44661 |
||
| 100 | _aMary Ann Falkman | ||
| 245 | _aFundamentals of Packaging Technology,5 5th Ed | ||
| 250 | _a5th | ||
| 260 |
_aU.S.A _bInstitute of Packaging Professinals _c2014 |
||
| 300 | _axvi,748p. | ||
| 600 | _aDOS BS Ref book | ||
| 710 | _ainstitute of packaging professionals | ||
| 942 |
_aCAE NUST _k658.5/ANN |
||
| 999 |
_c328098 _d328098 |
||